logo

Bir Sreshtho Munshi Abdur Rouf Library
Jhenaidah Cadet College

PHP and MySQL web Development / (Record no. 14238)

MARC details
000 -LEADER
fixed length control field 00987nam a2200289 a 4500
001 - CONTROL NUMBER
JCCL Control Number 14238
003 - CONTROL NUMBER IDENTIFIER
JCCL marc code BD-JhCC
005 - DATE AND TIME OF LATEST TRANSACTION
control field 20250222134158.0
008 - FIXED-LENGTH DATA ELEMENTS--GENERAL INFORMATION
fixed length control field 190622s2017 us a ob a 001 0 eng d
020 ## - INTERNATIONAL STANDARD BOOK NUMBER
Cancelled/invalid ISBN 9780321833891
035 ## - SYSTEM CONTROL NUMBER
system control number (BD-JhCC)14238
040 ## - CATALOGING SOURCE
Modifying agency BD-JhCC
Original cataloging agency BD-JhCC
041 ## - LANGUAGE CODE
Language code of Book eng
082 04 - DEWEY DECIMAL CLASSIFICATION NUMBER
Classification number 006.7
DDC Edition number 23
Author mark and Year WEL 2017
100 1# - MAIN ENTRY--PERSONAL NAME
Personal name Welling, Luke
245 10 - TITLE STATEMENT
Title PHP and MySQL web Development /
Statement of responsibility, etc Luke Welling , Laura Thomson
260 ## - PUBLICATION, DISTRIBUTION, ETC. (IMPRINT)
Place of publication, distribution, etc USA :
Name of publisher, distributor, etc Addison-Wesley;
Date of publication, distribution, etc 2017.
300 ## - PHYSICAL DESCRIPTION
Pagination 652 P. :
Other physical details illustrations.
Dimensions 24 cm.
504 ## - BIBLIOGRAPHY, ETC. NOTE
Bibliography, etc Includes index and bibliographical references.
520 ## - SUMMARY, ETC.
Summary, etc Written in an easy-to-follow style, this book uses examples to teach the user how to write PHP server-side scripts and how to make MySQL database queries. --
650 #0 - SUBJECT ADDED ENTRY--TOPICAL TERM
Topical term or geographic name as entry element PHP (Computer program language)
650 #0 - SUBJECT ADDED ENTRY--TOPICAL TERM
Topical term or geographic name as entry element MySQL (Electronic resource)
650 #0 - SUBJECT ADDED ENTRY--TOPICAL TERM
Topical term or geographic name as entry element Web site development.
655 #0 -
Genre/form data or focus term Electronic books.
700 ## - ADDED ENTRY--PERSONAL NAME
Personal name Thomson, Laura
942 ## - ADDED ENTRY ELEMENTS (KOHA)
Source of classification or shelving scheme Dewey Decimal Classification
Koha item type Books
Holdings
Source of classification or shelving scheme Damaged status Not for loan Home library Current library Shelving location Date of accession Cost, normal purchase price Total Checkouts Full call number Barcode Date last seen Date checked out Copy number Method of acquisition Koha item type Currency
Dewey Decimal Classification     JCC Rouf Library JCC Rouf Library General Stacks   650.00 1 006.7 WEL 2017 20022 07/30/2025 07/09/2025 C-1 Purchase Books BDT

JCC Library | Contacts | JCC Home

Last Update on 23 September 2017
Copyright @ 2017-2020 JCC Rouf Library
Rouf Library, Jhenidah Cadet College (JCC), Bangladesh